Faktory ovplyvňujúce vstup transnacionálnych korporácií do národných ekonomík

Bibliographic Details
Main Author: Kostolanský, Rudolf (Author)
Format: Article
Language:Slovak
Subjects:

MARC

LEADER 00000nab a2200000 a 4500
001 vtls000599326
003 SK-MaSNL
005 20260304094854.0
008 250425c1996 xo 0 slo
015 |a SNBRB19rr/mm-uuuuu 
035 |a CL0599465 
035 |a urn:nbn:sk:snk-ab6ru5 
035 |a (uuid)c537560b-8246-45b6-9fe1-25958d3cf34f 
035 |a (urnnbn)urn:nbn:sk:snk:ar-a05hae 
035 |a (sysno)vtls000599326 
040 |a SNKBUCL  |b slo  |c SNKBUCL  |e AACR2 
041 0 |a slo 
044 |a xo  |c SK 
080 |a 334.726  |2 1981 
080 |a 658.114.017.12  |2 1981 
080 |a 339.727  |2 1981 
100 1 |a Kostolanský, Rudolf  |4 aut  |9 227368 
245 1 0 |a Faktory ovplyvňujúce vstup transnacionálnych korporácií do národných ekonomík  |c Rudolf Kostolanský 
300 |b Res. angl., lit. 8 zázn. v angl., slov. 
650 0 7 |a nadnárodné spoločnosti  |2 snkbucl  |9 4340 
655 7 |a články z novín a časopisov  |2 snkbucl  |9 267496 
773 0 |t Ekonomický časopis  |g Roč. 44, č. 5 (1996), s. 371-382  |x 0013-3035 
850 |a Slovenská národná knižnica 
852 |a Slovenská národná knižnica 
954 |a odborná, vedecká literatúra pôvodná (slovenská)  |2 lita 
958 |a article27 
958 |a NB 
958 |a RK 
958 |a OND 
958 |a EUIPO 
992 |a RBX 
999 |c 2829397  |d 2831327